000 00657nam a22002057a 4500
005 20140310183640.0
008 131216b xxu||||| |||| 00| 0 eng d
020 _a9780071793797
050 _aHD 69.P75
_b.C772 2012
100 _aCooke, Helen S.
245 _aPerfect phrases for project management :
_bhundreds of ready-to-use phrases for delivering results on time and under budget /
_cHelen Cooke, Karen Tate.
260 _aNew York :
_bMcGraw-Hill,
_c2012.
300 _axv, 237 p. ;
_c21 cm.
521 _aBSBA
650 _aProject management.
700 _aTate, Karen.
942 _2lcc
_cBK
_kFOR
999 _c25801
_d25801